Loading...
| Fine Arts - Classical Music | 0 | 14 | 1 | 3 | 135 | 64 | 99.36 | 0 | 4 | 0.00 | 0.00 |
| Philosophy | 0 | 10 | 0 | 0 | 100 | 57 | 93.10 | 1 | 6 | 0.00 | 0.00 |
| Fine Arts - Other | 0 | 9 | 1 | 0 | 85 | 61 | 82.00 | 1 | 4 | 0.00 | 0.00 |
| Literature - European | 0 | 8 | 0 | 1 | 80 | 57 | 125.88 | 1 | 1 | 0.00 | 0.00 |
| Literature - World | 0 | 8 | 1 | 0 | 75 | 84 | 114.75 | 0 | 2 | 0.00 | 0.00 |
| Social Science | 0 | 7 | 1 | 0 | 65 | 46 | 102.14 | 0 | 4 | 0.00 | 0.00 |
| Religion | 0 | 7 | 2 | 1 | 60 | 75 | 101.86 | 1 | 4 | 0.00 | 0.00 |
| Literature - American | 0 | 6 | 0 | 1 | 60 | 96 | 129.83 | 0 | 1 | 0.00 | 0.00 |
| Literature - British | 0 | 7 | 2 | 1 | 60 | 99 | 123.57 | 0 | 3 | 0.00 | 0.00 |
| Mythology | 0 | 4 | 0 | 0 | 40 | 97 | 113.25 | 0 | 1 | 0.00 | 0.00 |
| History - American | 0 | 4 | 1 | 1 | 35 | 105 | 118.75 | 0 | 0 | 0.00 | 0.00 |
| Fine Arts - Painting & Sculpture | 0 | 3 | 1 | 1 | 25 | 118 | 140.33 | 0 | 0 | 0.00 | 0.00 |
| History - European | 0 | 2 | 0 | 1 | 20 | 107 | 128.00 | 0 | 0 | 0.00 | 0.00 |
| History - World | 0 | 2 | 0 | 1 | 20 | 122 | 131.00 | 0 | 0 | 0.00 | 0.00 |
| Geography | 0 | 2 | 0 | 0 | 20 | 72 | 87.00 | 0 | 1 | 0.00 | 0.00 |
| Current Events | 0 | 2 | 0 | 0 | 20 | 89 | 96.00 | 0 | 1 | 0.00 | 0.00 |
| History - Other | 0 | 2 | 1 | 0 | 15 | 95 | 111.00 | 0 | 1 | 0.00 | 0.00 |
| Science - Chemistry | 0 | 1 | 0 | 0 | 10 | 103 | 103.00 | 0 | 0 | 0.00 | 0.00 |
| Science - Physics | 0 | 1 | 0 | 0 | 10 | 98 | 98.00 | 0 | 0 | 0.00 | 0.00 |
| Science - Biology | 0 | 1 | 1 | 1 | 5 | 133 | 133.00 | 0 | 0 | 0.00 | 0.00 |
| Other Academic | 0 | 1 | 1 | 0 | 5 | 112 | 112.00 | 0 | 0 | 0.00 | 0.00 |
| Science - Other | 0 | 0 | 1 | 0 | -5 | 0.00 | 0 | 0 | 0.00 | 0.00 |